| 000 | 00651nam a22002297a 4500 | ||
|---|---|---|---|
| 005 | 20170124105919.0 | ||
| 010 | _aB-211124 | ||
| 020 |
_c600.00 _a9788122007213 |
||
| 035 | _aB-211124 | ||
| 037 | _bCen Lib/Ret | ||
| 040 |
_aDPL _bEN |
||
| 082 |
_a338.9 _bECO |
||
| 245 |
_aEconomic diplomacy / _cedited by I.P.Khosla |
||
| 260 |
_aDelhi _bKonark publishers _c2006 |
||
| 270 |
_aA-149, Main Vikas Marg _bDelhi _e110092 |
||
| 300 |
_aix,268p. _c21cm (Hb) |
||
| 500 | _aInculdes index | ||
| 650 |
_aIndian economy _93591 |
||
| 650 |
_aEconomic diplomacy _93592 |
||
| 700 |
_aKhosla,I.P. _97847 |
||
| 942 |
_2ddc _cEN _h338.9 _mECO |
||
| 999 |
_c123003 _d123003 |
||